Vista normal
Vista MARC
Entrada Personal Name
Número de registros utilizados en: 1
001 - CONTROL NUMBER
- control field: 63065
003 - CONTROL NUMBER IDENTIFIER
- control field: OSt
005 - DATE AND TIME OF LATEST TRANSACTION
- control field: 20250822135300.0
008 - FIXED-LENGTH DATA ELEMENTS
- fixed length control field: 250822|| aca||aabn | a|a d
040 ## - CATALOGING SOURCE
- Original cataloging agency: OSt
- Transcribing agency: OSt
100 ## - HEADING--PERSONAL NAME
- Personal name: Moreno, Marvel,
- Dates associated with a name: 1939-1955
670 ## - SOURCE DATA FOUND
- Source citation: Work cat.: (OSt)58390: Dávila de Ponce de León, Waldina, 1823-1900, aut 63058, Grietas en el paisaje :